00510 a2200157 4500010001400000020002300014035001300037037001500050082001300065100002000078245004600098260003900144270009600183300002300279500005000302 aENG-86650 c200.00a8187392568 aEN-70183 bDBAD / PUB14a371.10241 aMehra, Rajneesh1 aClassroom management /cby Rajneesh Mehra aNew DelhibAdroit Publishersc2004 a4675/21, Ganpati Bhawan, Ansari Road, DaryaganjbNew Delhie110 002k011-23266030, 55302465 a244 pc22 cm (Pbk) aIncludes bibliographical references and index